[Event "11th WUCC Men"]
[Site "Zuerich SUI"]
[Date "2010.09.05"]
[Round "1"]
[White "Lysyj,I"]
[Black "Carron,J"]
[Result "1/2-1/2"]
[WhiteElo "2638"]
[BlackElo "2394"]
[EventDate "2010.09.05"]

1. d4 Nf6 2. Nf3 e6 3. c4 b6 4. g3 Ba6 5. Qa4 Bb7 6. Bg2 c5 7. dxc5 bxc5 8.
O-O Be7 9. Rd1 Qb6 10. Nc3 O-O 11. Bf4 d6 12. Rab1 Bc6 13. Qa3 Rd8 14. b4
cxb4 15. Rxb4 Qa6 16. Qb2 Qc8 17. Nb5 Na6 18. Ra4 Qb7 19. Qb1 Nc5 20. Rb4
Be4 21. Ne1 Bxg2 22. Nxg2 Qc6 23. Be3 Rdc8 24. Rc1 Qa6 25. Nf4 Ncd7 26. Rb3
Nc5 27. Rb2 Bf8 28. Nd3 Nxd3 29. Qxd3 Nd7 30. Qe4 Rab8 31. Rcb1 Qa4 32. Qd4
Rxc4 33. Qxa7 Qxa7 34. Nxa7 Ra8 35. Rb4 Rxb4 36. Rxb4 Nc5 37. Nc6 Rxa2 38.
Rb8 f5 39. Bg5 Kf7 40. Bf4 1/2-1/2

[Event "11th WUCC Men"]
[Site "Zuerich SUI"]
[Date "2010.09.05"]
[Round "1"]
[White "Hoffmann,Pau"]
[Black "Ponkratov,P"]
[Result "1/2-1/2"]
[WhiteElo "2372"]
[BlackElo "2592"]
[EventDate "2010.09.05"]

1. e4 e5 2. Bc4 Nf6 3. d3 Nc6 4. Nf3 Bc5 5. O-O O-O 6. c3 Bb6 7. Nbd2 d6 8.
Bb3 Ne7 9. Nh4 c6 10. Nc4 Bc7 11. Bg5 d5 12. Ne3 dxe4 13. Bxf6 gxf6 14.
dxe4 Qxd1 15. Raxd1 a5 16. a4 Rd8 17. Rxd8+ Bxd8 18. Rd1 Bc7 19. g4 Kf8 20.
Nhf5 Ng6 21. Nh6 Bb6 22. Nxf7 Nf4 23. Nh6 Nh3+ 24. Kg2 Ng5 25. h4 Nxe4 26.
Bc2 Nc5 27. Rd6 Be6 28. b4 axb4 29. cxb4 Bc7 30. bxc5 Bxd6 31. cxd6 b5 32.
axb5 cxb5 33. Be4 Ra6 34. Nhf5 b4 35. Bd5 Bd7 36. Nc2 Rb6 37. Bb3 Bxf5 38.
gxf5 Rxd6 39. Be6 Rb6 40. Na1 Rc6 41. Nb3 Rc2 42. Kf3 Kg7 43. Kg3 Kh6 44.
f3 Kg7 45. Kg4 Rb2 46. Nc5 Rg2+ 47. Kh5 Rc2 48. Nb3 Rc3 49. Kg4 h5+ 50.
Kxh5 Rxf3 51. Kg4 Rc3 52. Nd2 Rd3 53. Nb3 Rc3 54. Nd2 Re3 55. Nb3 Rc3
1/2-1/2

[Event "11th WUCC Men"]
[Site "Zuerich SUI"]
[Date "2010.09.05"]
[Round "1"]
[White "Markos,J"]
[Black "Kuipers,S"]
[Result "0-1"]
[WhiteElo "2566"]
[BlackElo "2370"]
[EventDate "2010.09.05"]

1. Nf3 Nf6 2. g3 d5 3. Bg2 c6 4. O-O Bg4 5. d3 Nbd7 6. Nbd2 e5 7. h3 Bh5 8.
e4 dxe4 9. dxe4 Bc5 10. Qe1 O-O 11. Nc4 Re8 12. b4 Bf8 13. Nh4 b5 14. Na5
c5 15. a3 Qc7 16. c3 Rad8 17. Bg5 c4 18. a4 a6 19. axb5 axb5 20. Nf5 Re6
21. f3 Nb6 22. Rf2 Rd7 23. h4 Ne8 24. Be3 f6 25. Bh3 Bf7 26. h5 Rd8 27. h6
g6 28. Ng7 Red6 29. Bc5 Nxg7 30. hxg7 Bxg7 31. Bxd6 Rxd6 32. Qe3 Na4 33.
Rd2 h5 34. Rad1 Rxd2 35. Rxd2 Be8 36. Rf2 Kh7 37. f4 Bh6 38. Qf3 h4 39. f5
hxg3 40. Qxg3 Bf4 41. Qf3 Qa7 42. Kf1 g5 43. Bg4 Qe3 44. Rh2+ Kg7 45. Qxe3
Bxe3 46. Ke2 Bf4 47. Rh3 Nb6 48. Nb7 Bc6 49. Nc5 Na4 50. Kf3 Nxc5 51. bxc5
b4 52. Bh5 bxc3 53. Bg6 c2 54. Rh7+ Kf8 55. Rh8+ Ke7 0-1

[Event "11th WUCC Men"]
[Site "Zuerich SUI"]
[Date "2010.09.05"]
[Round "1"]
[White "Mohajerin Esfahani,Peyman"]
[Black "Popovic,Du"]
[Result "1/2-1/2"]
[WhiteElo "2366"]
[BlackElo "2565"]
[EventDate "2010.09.05"]

1. c4 g6 2. Nf3 Bg7 3. g3 Nf6 4. Bg2 O-O 5. O-O d6 6. Nc3 Nc6 7. Rb1 a5 8.
a3 e5 9. d3 h6 10. b4 axb4 11. axb4 Be6 12. b5 Ne7 13. Nd2 Rb8 14. Nb3 h5
15. Bg5 c6 16. Qd2 Qc7 17. Rfc1 c5 18. Ra1 Nf5 19. Bxf6 Bxf6 20. Nd5 Qd8
21. Ra7 Bg5 22. e3 h4 23. Na5 Bc8 24. Ra1 Bh6 25. Nc3 Qb6 26. Nb3 Be6 27.
Nd5 Qd8 28. Na5 Bc8 29. Nc3 Qb6 30. Nb3 Bg7 31. Nd5 Qd8 32. Ra8 Be6 33.
Rxb8 Qxb8 34. Qa5 e4 35. dxe4 Bxd5 36. Ra4 Nxe3 37. exd5 Ng4 38. Bh3 Ne5
39. Nd2 Nd3 40. Ra3 Nb4 41. Qb6 Bb2 42. Rf3 Re8 43. Re3 Bd4 44. Rxe8+ Qxe8
45. Nf3 Nd3 46. Bf1 hxg3 47. hxg3 Nxf2 48. Nxd4 Qe3 49. Qd8+ Kg7 50. Ne6+
fxe6 51. Qe7+ Kg8 52. Qe8+ Kg7 53. Qe7+ Kg8 54. Qxe6+ Qxe6 55. dxe6 Ne4 56.
Bg2 d5 57. cxd5 Nd6 58. Bf1 Kg7 59. Kf2 Kf6 60. b6 Ke5 61. Ba6 Kf6 62. Be2
Nc8 63. Ba6 Nd6 64. Be2 Nc8 65. Ba6 Nd6 66. Be2 Nc8 67. Ba6 Nd6 68. Be2 Ke5
69. Ba6 Kf6 1/2-1/2

[Event "11th WUCC Men"]
[Site "Zuerich SUI"]
[Date "2010.09.05"]
[Round "1"]
[White "Mekhitarian,K"]
[Black "Botvinnik,M ISR"]
[Result "1/2-1/2"]
[WhiteElo "2550"]
[BlackElo "2337"]
[EventDate "2010.09.05"]

1. e4 c5 2. Nf3 e6 3. d4 cxd4 4. Nxd4 Nc6 5. Nc3 Qc7 6. Be2 a6 7. O-O Nf6
8. Be3 Bb4 9. Na4 Be7 10. Nxc6 bxc6 11. Nb6 Rb8 12. Nxc8 Qxc8 13. Bd4 c5
14. Be5 Rb6 15. Qd3 O-O 16. b3 d5 17. exd5 Nxd5 18. Qg3 Bf6 19. Bxf6 Nxf6
20. Rad1 Qb8 21. Qc3 Rc8 22. Qa5 h6 23. g3 Qc7 24. Rd3 Kf8 25. Rfd1 Ke7 26.
R3d2 Rc6 27. Qc3 Qb8 28. a3 Qc7 29. Qc4 Rb6 30. Qa4 Qc6 31. Qa5 Qb7 32. Bc4
h5 33. Qc3 h4 34. Qe5 hxg3 35. fxg3 a5 36. Qg5 Kf8 37. Rd8+ Rxd8 38. Rxd8+
Ke7 39. Rd1 Qc7 40. Qxg7 Qe5 41. Qh6 Rd6 42. Rxd6 Kxd6 43. Qd2+ Ke7 44. a4
Ng4 45. Be2 Ne3 46. Kf2 Nd5 47. Bf3 Nb4 48. c3 Na6 49. Qe2 Qd6 50. h4 Nc7
51. Kg2 Nd5 52. Qd2 Qe5 53. Bxd5 exd5 54. Kf3 Qe4+ 55. Kf2 Kf8 56. Qh6+ Kg8
57. Qg5+ Kf8 58. Qh6+ Kg8 59. Qd2 d4 60. Qg5+ Kh7 61. Qh5+ Kg7 62. Qg5+ Kh7
63. cxd4 cxd4 64. Qh5+ Kg7 65. Qg5+ Kh7 66. Qf4 Qc2+ 67. Kg1 d3 68. Qxf7+
Kh8 69. Qe8+ Kg7 70. Qe7+ Kg8 71. Qe8+ Kg7 72. Qe7+ 1/2-1/2

[Event "11th WUCC Men"]
[Site "Zuerich SUI"]
[Date "2010.09.05"]
[Round "1"]
[White "Ma Yu"]
[Black "Nikolov,Mo"]
[Result "0-1"]
[WhiteElo "2332"]
[BlackElo "2549"]
[EventDate "2010.09.05"]

1. d4 Nf6 2. Bg5 e6 3. e4 h6 4. Bxf6 Qxf6 5. Nc3 d6 6. Qd2 c6 7. O-O-O e5
8. Nf3 Be7 9. h4 O-O 10. Be2 Bd8 11. Kb1 Bb6 12. Na4 Bc7 13. Rdg1 b5 14.
dxe5 dxe5 15. Nc5 Rd8 16. Qe1 Qd6 17. Nd3 c5 18. g4 c4 19. Nc1 g6 20. Qc3
Nc6 21. Rd1 Qc5 22. Rxd8+ Bxd8 23. g5 Ba5 24. Qe3 Qxe3 25. fxe3 hxg5 26.
Nxg5 f6 27. Nf3 Be6 28. Nh2 Bb6 29. h5 Kg7 30. Bg4 Bxg4 31. Nxg4 f5 32. h6+
Kf7 33. h7 Rh8 34. Nh6+ Kg7 35. exf5 Rxh7 36. f6+ Kf8 37. Rh3 Nd8 38. e4
Nf7 39. Nxf7 Rxh3 40. Nxe5 Rh1 0-1

[Event "11th WUCC Men"]
[Site "Zuerich SUI"]
[Date "2010.09.05"]
[Round "1"]
[White "Papin,V"]
[Black "Poobalasingam,P"]
[Result "1/2-1/2"]
[WhiteElo "2534"]
[BlackElo "2330"]
[EventDate "2010.09.05"]

1. d4 Nf6 2. c4 g6 3. g3 Bg7 4. Bg2 d5 5. cxd5 Nxd5 6. Nf3 O-O 7. O-O Nc6
8. e4 Nb6 9. d5 Na5 10. Qe1 Nac4 11. Nc3 c6 12. dxc6 bxc6 13. Qe2 Ba6 14.
Rd1 Qc8 15. Qc2 Qe6 16. Bf1 Rad8 17. Bf4 Qg4 18. Kg2 Qc8 19. a4 e5 20. Bg5
f6 21. Bc1 Nd6 22. Bxa6 Qxa6 23. b3 Rd7 24. Be3 Rfd8 25. Rd2 Nf7 26. Rad1
Qb7 27. Na2 Bf8 28. h4 Nc8 29. Rxd7 Rxd7 30. Rxd7 Qxd7 31. Nd2 Nd8 32. Nb4
Kg7 33. Na6 Qb7 34. Nc5 Bxc5 35. Qxc5 Ne6 36. Qc3 Qd7 37. Nc4 Qc7 38. Na5
c5 39. b4 Nb6 40. bxc5 Nxa4 41. Qc4 Naxc5 42. Bxc5 Qxa5 43. Bxa7 Qxa7 44.
Qxe6 Qb7 45. Kh2 h5 1/2-1/2

[Event "11th WUCC Men"]
[Site "Zuerich SUI"]
[Date "2010.09.05"]
[Round "1"]
[White "Erdene,G"]
[Black "Megaranto,S"]
[Result "0-1"]
[WhiteElo "2323"]
[BlackElo "2516"]
[EventDate "2010.09.05"]

1. e4 c6 2. d4 d5 3. e5 c5 4. Nf3 cxd4 5. Qxd4 Nc6 6. Bb5 e6 7. O-O Nge7 8.
c4 Bd7 9. Qg4 a6 10. Ba4 dxc4 11. Bc2 Nb4 12. Be4 Bc6 13. Nc3 Qc7 14. Rd1
Ned5 15. Bg5 Nxc3 16. Bxc6+ Qxc6 17. bxc3 Nd3 18. Bh4 h6 19. Rab1 g5 20.
Bg3 O-O-O 21. Nd2 h5 22. Qxg5 h4 23. Bxh4 Bc5 24. Nf3 Rdg8 25. Qf6 Rxh4 26.
Rxd3 Rhg4 27. Rd2 Rxg2+ 28. Kf1 Rg1+ 29. Nxg1 Qg2+ 30. Ke1 Qe4+ 0-1

[Event "11th WUCC Men"]
[Site "Zuerich SUI"]
[Date "2010.09.05"]
[Round "1"]
[White "Miljkovic,Mir1"]
[Black "Hindermann,F"]
[Result "1-0"]
[WhiteElo "2510"]
[BlackElo "2303"]
[EventDate "2010.09.05"]

1. d4 Nf6 2. c4 g6 3. Nc3 d5 4. cxd5 Nxd5 5. e4 Nxc3 6. bxc3 Bg7 7. Bc4 c5
8. Ne2 O-O 9. O-O Nc6 10. Be3 Qc7 11. Rc1 Bd7 12. Qd2 Na5 13. Bd3 e5 14.
Bh6 b5 15. Bxg7 Kxg7 16. f4 f6 17. fxe5 fxe5 18. Qg5 Rae8 19. Ng3 Qd6 20.
dxe5 Rxf1+ 21. Rxf1 Qe6 22. Nh5+ Kh8 23. Nf6 Rf8 24. Nxd7 Rxf1+ 25. Bxf1
Qxd7 26. Qf6+ Kg8 27. e6 1-0

[Event "11th WUCC Men"]
[Site "Zuerich SUI"]
[Date "2010.09.05"]
[Round "1"]
[White "Bueno,Alfe"]
[Black "Benidze,D"]
[Result "0-1"]
[WhiteElo "2292"]
[BlackElo "2504"]
[EventDate "2010.09.05"]

1. e4 c5 2. Nc3 Nc6 3. f4 e6 4. Nf3 Nge7 5. Bb5 a6 6. Bxc6 Nxc6 7. O-O Be7
8. d3 O-O 9. Qe1 d5 10. Qg3 f5 11. exd5 exd5 12. Ne5 Bf6 13. Nxc6 bxc6 14.
Rb1 Re8 15. Re1 Be6 16. Na4 Bh4 0-1

[Event "11th WUCC Men"]
[Site "Zuerich SUI"]
[Date "2010.09.05"]
[Round "1"]
[White "Sulashvili,M"]
[Black "Soozankar,Amohammad"]
[Result "1/2-1/2"]
[WhiteElo "2500"]
[BlackElo "2299"]
[EventDate "2010.09.05"]

1. d4 e6 2. c4 Nf6 3. Nf3 c5 4. e3 b6 5. Nc3 Bb7 6. Be2 Be7 7. O-O O-O 8.
d5 exd5 9. cxd5 d6 10. e4 Na6 11. Re1 Nc7 12. Bc4 Ba6 13. Bxa6 Nxa6 14. e5
dxe5 15. Nxe5 Bd6 16. Bg5 Bxe5 17. Rxe5 Qd6 18. Bf4 Qd7 19. Qe2 Nb4 20. Rd1
Qg4 21. Qxg4 Nxg4 22. Re7 Rfe8 23. d6 Rxe7 24. dxe7 Nc6 25. Rd7 Nf6 26. Rc7
Nd4 27. Be5 Ne6 28. Rb7 Ne8 29. Bb8 f6 30. Bxa7 Nd6 31. Rd7 Kf7 32. Bxb6
Nc8 33. Bd8 Ke8 34. Rb7 Nd6 35. Rb6 Nxd8 36. exd8=Q+ Rxd8 37. g3 Kd7 38. b3
c4 39. bxc4 Rc8 40. c5 Nf5 41. Ne4 Ra8 42. Nd6 Nd4 43. Rb7+ Kc6 44. Rxg7
Rxa2 45. Rf7 Nf3+ 46. Kg2 Ne1+ 47. Kf1 Nf3 48. h3 Ra1+ 49. Ke2 Ng1+ 50. Ke3
Ra3+ 51. Ke4 Nxh3 52. Rxf6 Kxc5 53. Ke5 h5 54. Ne4+ Kc4 55. Rd6 Nxf2 56.
Nxf2 Rxg3 57. Ne4 Rg8 58. Rd4+ Kb5 59. Kd5 h4 60. Nd6+ Kb6 61. Rb4+ Ka5 62.
Rxh4 Rg5+ 63. Kc6 Rg6 64. Re4 Rh6 65. Rg4 Re6 66. Kc5 Re5+ 67. Kc6 Re6 68.
Kd5 Rh6 69. Nc4+ Kb4 70. Ne5+ Kc3 71. Kc5 Rh8 72. Rg3+ Kc2 73. Nc6 Rc8 74.
Kd5 Rh8 75. Nb4+ Kd2 76. Kc5 Rh5+ 77. Nd5 Rh4 78. Nf6 Ra4 79. Kd5 Ra5+ 80.
Kd4 Ra4+ 81. Ke5 Ra5+ 82. Nd5 Ra4 83. Rg2+ Kd3 84. Rg3+ Kd2 85. Nc3 Rh4 86.
Ne4+ Kc2 87. Kd4 Rh8 88. Rg2+ Kb3 89. Nc5+ Kb4 90. Rb2+ Ka5 91. Nb7+ Ka4
92. Nc5+ Ka5 93. Ne4 Rh4 94. Kd5 Rh5+ 95. Kc6 Rh6+ 96. Nd6 Rh1 97. Rb8 Rc1+
98. Kd5 Rh1 99. Ne4 Rh5+ 100. Kc4 Rh4 101. Re8 Kb6 102. Re6+ Kc7 103. Kb5
Rh5+ 104. Nc5 Rh1 105. Nd3 Kd7 106. Re5 Rh3 107. Nf4 Rh1 108. Re3 Kd6 109.
Re4 Rb1+ 1/2-1/2

[Event "11th WUCC Men"]
[Site "Zuerich SUI"]
[Date "2010.09.05"]
[Round "1"]
[White "Gaehler,M"]
[Black "Roganovic,Milo"]
[Result "1/2-1/2"]
[WhiteElo "2289"]
[BlackElo "2497"]
[EventDate "2010.09.05"]

1. e4 c5 2. Nc3 Nc6 3. Bb5 Nd4 4. Ba4 e6 5. Nf3 Qa5 6. a3 b5 7. b4 Qb6 8.
bxc5 Bxc5 9. Rb1 a6 10. O-O Nf6 11. d3 Qa5 12. Nxd4 Bxd4 13. Ne2 Qxa4 14.
Rb4 Bxf2+ 15. Rxf2 Qa5 16. e5 Nd5 17. Rg4 g6 18. Ng3 Qc3 19. Qe2 h5 20. Rh4
Qa1 21. Rf1 d6 22. c4 Qxe5 23. cxd5 exd5 24. Qf2 Qe7 25. Bb2 Rh7 26. Bf6
Qa7 27. Rd4 Be6 28. Ne2 Kd7 29. Rc1 h4 30. Rxh4 Qxf2+ 31. Kxf2 Rxh4 32.
Bxh4 Rh8 33. Bg3 g5 34. Nd4 f5 35. Kg1 f4 36. Be1 Re8 37. Kf2 Bg4 38. Bd2
Bh5 39. Rc6 Re2+ 40. Nxe2 Kxc6 41. Nd4+ Kd7 42. h4 gxh4 43. Bxf4 Bg4 44.
Bh2 h3 45. Kg3 Bh5 46. gxh3 Bg6 47. Kf4 Bxd3 48. Ke3 Bf1 49. h4 a5 50. h5
Ke7 51. Bxd6+ Kf6 52. h6 Kg6 53. Bf8 b4 54. a4 Bh3 55. Nf3 Be6 56. Kd4 Bg8
57. Ne5+ Kh7 58. Nd3 Bf7 59. Nc5 Be8 60. Ne6 Kg8 61. Bd6 Bxa4 62. Ng5 Bc2
63. Kxd5 b3 64. Ba3 a4 65. Kc4 Kh8 66. Kb5 Kg8 67. Ka5 Kh8 68. Bb2+ Kg8 69.
Kxa4 Kf8 70. h7 Bxh7 71. Nxh7+ Kf7 72. Nf6 Ke6 73. Kxb3 Kf5 74. Kc4 Ke6 75.
Ne4 Kf5 76. Kd5 Kf4 77. Bc1+ Kf5 78. Bd2 Kg4 79. Ke5 Kf3 80. Nc3 Kg4 81.
Ke4 Kg3 82. Kf5 Kf3 83. Kg5 Kg3 84. Bf4+ Kf3 85. Kf5 Kg2 86. Kg4 Kf2 87.
Bd2 Kg2 88. Be1 Kf1 89. Bh4 Kg2 90. Bg3 Kf1 91. Kf3 Kg1 92. Ne4 Kh1 93.
Nf2+ Kg1 94. Bf4 Kf1 95. Bh2 Ke1 96. Ne4 Kd1 97. Be5 Kc2 98. Ke3 Kb3 99.
Bd4 Kc4 100. Nc3 Kb4 101. Kd3 Ka5 102. Kc4 Ka6 103. Kc5 Kb7 104. Nd5 Kc8
105. Kd6 Kb7 106. Bc3 Ka6 107. Kc6 Ka7 108. Nb6 Ka6 109. Bb4 Ka7 110. Bd6
Ka6 111. Bb8 Ka5 112. Nd5 Ka4 113. Kc5 Kb3 114. Nb4 Kc3 115. Bf4 Kb3 116.
Be5 Ka4 117. Kc4 Ka5 118. Bc7+ Ka4 119. Nd3 Ka3 120. Bb6 Ka4 121. Nb2+ Ka3
122. Kc3 Ka2 123. Bc5 1/2-1/2

[Event "11th WUCC Men"]
[Site "Zuerich SUI"]
[Date "2010.09.05"]
[Round "1"]
[White "Khmelniker,I"]
[Black "Pitra,Andika"]
[Result "1-0"]
[WhiteElo "2483"]
[BlackElo "2283"]
[EventDate "2010.09.05"]

1. d4 f5 2. Bg5 g6 3. Nc3 d5 4. Nh3 Be6 5. Qd3 h6 6. Bf4 c6 7. Be5 Nf6 8.
g4 fxg4 9. Bxf6 exf6 10. Qxg6+ Kd7 11. Nf4 Rg8 12. Qd3 Bb4 13. O-O-O Bxc3
14. Qxc3 Bf7 15. e4 Qc7 16. Qd2 Re8 17. Bg2 Qd6 18. h3 gxh3 19. Rxh3 dxe4
20. Rxh6 Kc7 21. Rh7 Re7 22. Rh8 a5 23. a3 Ra6 24. Bf1 b5 25. Ng2 Nd7 26.
Ne3 Be6 27. d5 cxd5 28. Bxb5 Ra7 29. Nxd5+ Bxd5 30. Qxd5 Qxd5 31. Rxd5 Ne5
32. Rf8 Ng4 33. Rf5 e3 34. fxe3 Rxe3 35. Rf4 Rg3 36. Rg8 Kb6 37. Bd3 Rg1+
38. Kd2 Rg2+ 39. Kc3 Ne3 1-0

[Event "11th WUCC Men"]
[Site "Zuerich SUI"]
[Date "2010.09.05"]
[Round "1"]
[White "Wyss,J"]
[Black "Pruijssers,R"]
[Result "0-1"]
[WhiteElo "2270"]
[BlackElo "2483"]
[EventDate "2010.09.05"]

1. e4 e5 2. Nf3 Nc6 3. d4 exd4 4. Nxd4 Nf6 5. Nxc6 bxc6 6. e5 Qe7 7. Qe2
Nd5 8. c4 Nb6 9. Nc3 Qe6 10. Qe4 g6 11. Be3 Bg7 12. f4 O-O 13. Bxb6 axb6
14. O-O-O f6 15. c5 Kh8 16. Bc4 Qe7 17. cxb6 fxe5 18. fxe5 cxb6 19. Rhe1
Qg5+ 20. Rd2 Bh6 21. Ree2 Rf1+ 22. Nd1 Re1 23. Qf3 Rxe2 24. Qxe2 Ra5 0-1

[Event "11th WUCC Men"]
[Site "Zuerich SUI"]
[Date "2010.09.05"]
[Round "1"]
[White "Swinkels,R"]
[Black "Otte,Mari"]
[Result "1/2-1/2"]
[WhiteElo "2478"]
[BlackElo "2264"]
[EventDate "2010.09.05"]

1. d4 Nf6 2. c4 c5 3. d5 e5 4. Nc3 d6 5. e4 Be7 6. g3 Na6 7. Bg2 Nc7 8. a4
b6 9. Nf3 a6 10. O-O O-O 11. Ne1 Rb8 12. Nd3 b5 13. b3 Nd7 14. cxb5 axb5
15. b4 bxa4 16. bxc5 Nxc5 17. Nxc5 dxc5 18. Rxa4 Rb4 19. Be3 Ba6 20. Re1
Bb5 21. Ra5 Bd6 22. Na2 Na6 23. Rxa6 Bxa6 24. Nxb4 cxb4 25. Qa4 Qa8 26. Ra1
Bb7 27. Qxa8 Rxa8 28. Rxa8+ Bxa8 29. Bf1 f5 30. f3 fxe4 31. fxe4 Kf7 32.
Kf2 Bb7 33. Ke1 Bc8 34. Kd2 Bd7 35. Kc2 Ba4+ 36. Kb2 Kf6 37. Bd3 g5 38. Bc2
Bd7 39. Kb3 Bg4 40. Kc4 h6 41. Bc5 Be2+ 42. Kxb4 Ke7 43. Bxd6+ Kxd6 44. Kc3
Kc5 45. Kd2 Bh5 46. Ke3 Bg4 47. Bd3 Bh3 48. Be2 Bd7 49. Bh5 Bc8 50. Bg6 Bg4
51. Bf5 Bh5 52. Bc8 Bd1 53. Ba6 Bg4 54. Be2 Bd7 55. Bd1 Be8 56. Bg4 Ba4 57.
Bh5 Bb3 58. Be2 Ba4 59. h4 gxh4 60. gxh4 Be8 61. Bf3 Bd7 62. Kf2 Bc8 63.
Kg3 Bd7 64. Bg2 Bc8 65. Bh3 Ba6 66. Kg4 Bc8+ 67. Kg3 Ba6 68. Bf5 Be2 69.
Bg4 Bb5 70. Bd1 Bd7 71. Bf3 Kd6 72. Bg4 Bb5 73. Bh3 Be2 74. Bg2 Bh5 75. Bf3
Bg6 76. Kg4 Ke7 77. Bg2 Kf6 78. h5 Be8 79. Bh3 Ke7 80. Kh4 Ba4 81. Bf5 Bd1
82. Bg4 Ba4 83. Kg3 Kd6 84. Bf5 Bd1 85. Bh3 Be2 86. Bg2 Bxh5 87. Bf3 Bg6
88. Kg4 1/2-1/2

[Event "11th WUCC Men"]
[Site "Zuerich SUI"]
[Date "2010.09.05"]
[Round "1"]
[White "Surya,W"]
[Black "Jurcik,Mari"]
[Result "0-1"]
[WhiteElo "2233"]
[BlackElo "2466"]
[EventDate "2010.09.05"]

1. d4 d5 2. Nf3 Nf6 3. c4 dxc4 4. Nc3 a6 5. e3 Bg4 6. Bxc4 e6 7. h3 Bh5 8.
g4 Bg6 9. Ne5 Nbd7 10. Nxg6 hxg6 11. Qf3 Rb8 12. Bd2 c5 13. O-O-O b5 14.
Be2 c4 15. Ne4 Nd5 16. Ng5 Qxg5 17. e4 Qf6 18. exd5 exd5 19. Qxd5 Be7 20.
g5 Qf5 21. Qg2 c3 22. Be3 cxb2+ 23. Kxb2 Nb6 24. Qc6+ Kf8 25. Ka1 Nc4 26.
Bxc4 bxc4 27. Qxc4 Rxh3 28. Rxh3 Qxh3 29. Qxa6 Bb4 30. Qc4 Qf5 31. Qd3 Qa5
32. Bd2 Bxd2 33. Qxd2 Qd5 34. f4 Kg8 35. Qc3 Ra8 36. Qb2 Qf3 37. Qd2 Qd5
38. Rc1 Rd8 39. Rc3 Qe4 40. Rd3 Qh1+ 41. Qd1 Qe4 42. Qd2 Qh1+ 43. Kb2 Qb7+
44. Rb3 Qd5 45. a4 Qc4 46. Rb4 Qa6 47. d5 Re8 48. Ka3 Re2 49. Qc3 Qd6 50.
a5 Re8 51. Qc6 Qd8 52. Ka4 Re1 53. Kb5 Rd1 54. Re4 Rxd5+ 55. Kc4 Rd7 56. a6
Rc7 57. Re8+ Qxe8 58. Qxc7 Qa4+ 59. Kd5 Qxa6 60. Qd8+ Kh7 61. Qd6 Qa8+ 62.
Kd4 Kg8 63. Kc5 Qc8+ 64. Kd5 Qe8 65. Kd4 Qa4+ 66. Kc5 Qe4 67. Qb8+ Kh7 68.
Qe5 Qc2+ 69. Kd6 Qc8 70. Kd5 Qd8+ 71. Qd6 Qe8 72. Qe5 Qd7+ 73. Qd6 Qf5+ 74.
Qe5 Qd3+ 75. Kc5 Qd8 76. Qd6 Qe8 77. Qe5 Qf8+ 78. Qd6 Kg8 79. Kc6 Qe8+ 80.
Kd5 Qb5+ 81. Kd4 Qf5 82. Qb8+ Kh7 83. Qe5 Qg4 84. Kc5 Qd1 85. Qd6 Qf3 86.
Qd4 Qa3+ 87. Kc6 f6 88. gxf6 gxf6 89. Qd7+ Kh6 90. Qg4 Qd3 91. Qh4+ Kg7 92.
Qf2 g5 93. fxg5 fxg5 94. Qb2+ Kg6 95. Qh8 Qe4+ 96. Kc5 g4 97. Qg8+ Kf5 98.
Qf7+ Kg5 99. Qg7+ Kf4 100. Qh6+ Kg3 101. Qd6+ Qf4 102. Qd3+ Qf3 103. Qd6+
Kg2 104. Kb4 g3 105. Qd2+ Qf2 106. Qd5+ Kg1 107. Qd1+ Qf1 108. Qd4+ Kh2
109. Qh4+ Kg2 110. Qe4+ Qf3 111. Qc2+ Kf1 112. Qb1+ Kf2 113. Qc2+ Qe2 114.
Qf5+ Kg1 115. Qb1+ Qf1 116. Qe4 g2 117. Qd4+ Qf2 118. Qa1+ Kh2 119. Qh8+
Kg3 120. Qg7+ Kf3 121. Qf7+ Ke3 122. Qe6+ Kd2 123. Qa2+ Ke1 124. Qb1+ Ke2
125. Qe4+ Kf1 126. Qc4+ Qe2 127. Qf4+ Ke1 128. Qc1+ Kf2 129. Qf4+ Qf3 130.
Qd4+ Kg3 131. Ka5 Qf5+ 0-1

[Event "11th WUCC Men"]
[Site "Zuerich SUI"]
[Date "2010.09.05"]
[Round "1"]
[White "Burg,T"]
[Black "Viela,A"]
[Result "0-1"]
[WhiteElo "2455"]
[BlackElo "2224"]
[EventDate "2010.09.05"]

1. e4 c6 2. d4 d6 3. Nc3 Nd7 4. Nf3 e5 5. Bc4 Be7 6. O-O Ngf6 7. a4 O-O 8.
Re1 b6 9. d5 c5 10. Bf1 Ne8 11. a5 Rb8 12. axb6 axb6 13. Bb5 Nc7 14. Bc6
Nf6 15. b4 cxb4 16. Na2 Na6 17. Rb1 Bd7 18. Qe2 Qc8 19. Bxd7 Nxd7 20. Nxb4
Nxb4 21. Rxb4 Nc5 22. Be3 Qd7 23. Nd2 Rfc8 24. Nc4 Bd8 25. Na3 Ra8 26. Nb5
Ra2 27. Nc3 Ra3 28. Bd2 Na4 29. Nb5 Ra2 30. Rc1 h6 31. Qd3 Nc5 32. Qc4 Raa8
33. Qe2 Ra4 34. Rxa4 Nxa4 35. c4 Nb2 36. Qf1 Bg5 37. Bxg5 hxg5 38. Rc2 Na4
39. Ra2 Nc5 40. Ra7 Qd8 41. f3 Qf6 42. h3 Nb3 43. Qd3 Na5 44. Na3 Qf4 45.
Qc3 Nxc4 46. Ra4 b5 47. Rb4 Nb6 48. Qb2 Rc1+ 49. Kf2 Rd1 50. Qc3 Qh2 51.
Nc2 Nc4 52. Rxc4 bxc4 53. Ne3 Qg1+ 54. Kg3 Rd3 55. Qxc4 Qxe3 56. Qc8+ Kh7
57. Qf5+ Kh6 0-1

[Event "11th WUCC Men"]
[Site "Zuerich SUI"]
[Date "2010.09.05"]
[Round "1"]
[White "Costa,JoaoG"]
[Black "Kurmann,O"]
[Result "0-1"]
[WhiteElo "2186"]
[BlackElo "2452"]
[EventDate "2010.09.05"]

1. e4 c5 2. Nf3 e6 3. d4 cxd4 4. Nxd4 Nc6 5. Nc3 a6 6. Be2 d6 7. O-O Nf6 8.
Re1 Be7 9. a4 O-O 10. Be3 Qc7 11. Bf1 Re8 12. Qe2 Na5 13. Bd2 Bd7 14. b4 e5
15. Nf3 Nc6 16. Nd5 Nxd5 17. exd5 Nd4 18. Nxd4 exd4 19. Qd3 Rac8 20. Rec1
Bf6 21. Qf3 Be5 22. Bd3 g6 23. g4 Qd8 24. g5 f5 25. gxf6 Rf8 26. Bg5 Bxf6
27. Bxf6 Rxf6 28. Qg3 Qf8 29. Kg2 Qf7 30. Be4 Bf5 31. f3 Bxe4 32. fxe4 Rc3
33. Qh4 Rf4 34. Qd8+ Kg7 35. Rf1 Rxc2+ 36. Kg1 Rf6 37. e5 dxe5 38. b5 Rff2
0-1

[Event "11th WUCC Men"]
[Site "Zuerich SUI"]
[Date "2010.09.05"]
[Round "1"]
[White "Pacher,M"]
[Black "Kalugampitiya,R"]
[Result "1-0"]
[WhiteElo "2449"]
[BlackElo "2095"]
[EventDate "2010.09.05"]

1. e4 c5 2. Nf3 d6 3. d4 cxd4 4. Nxd4 Nf6 5. Nc3 a6 6. Bg5 e6 7. f4 Qb6 8.
Qd2 Qxb2 9. Rb1 Qa3 10. e5 dxe5 11. fxe5 Nfd7 12. Ne4 h6 13. Bh4 Qxa2 14.
Rd1 Qd5 15. Qe3 Qa5+ 16. c3 Nc6 17. Nxc6 bxc6 18. Be2 Qxe5 19. O-O Qa5 20.
Kh1 Bb7 21. Rxd7 1-0

[Event "11th WUCC Men"]
[Site "Zuerich SUI"]
[Date "2010.09.05"]
[Round "1"]
[White "Fernando,SK Akila"]
[Black "Darini,P"]
[Result "0-1"]
[WhiteElo "2053"]
[BlackElo "2430"]
[EventDate "2010.09.05"]

1. e4 c5 2. Nc3 a6 3. g3 b5 4. Bg2 Bb7 5. d3 e6 6. Nge2 Nf6 7. O-O d6 8. f4
Qc7 9. f5 e5 10. a4 b4 11. Nb1 c4 12. h3 cxd3 13. cxd3 d5 14. Bg5 Nbd7 15.
Nd2 Bc5+ 16. Kh2 O-O 17. g4 h6 18. Bh4 Be3 19. exd5 Nxd5 20. Bxd5 Bxd5 21.
Ne4 f6 22. Bf2 Bxf2 23. Rxf2 Rfd8 24. N2g3 Rac8 25. Qe2 Nc5 26. h4 Bxe4 27.
dxe4 Nd3 28. Rff1 Qc2 29. Qxc2 Rxc2+ 30. Kg1 Nf4 31. Nh5 Nh3+ 32. Kh1 Rdd2
0-1

[Event "11th WUCC Men"]
[Site "Zuerich SUI"]
[Date "2010.09.05"]
[Round "1"]
[White "Panjwani,R"]
[Black "Meier,P SEY"]
[Result "1-0"]
[WhiteElo "2429"]
[BlackElo "2047"]
[EventDate "2010.09.05"]

1. d4 Nf6 2. c4 e6 3. g3 Bb4+ 4. Bd2 a5 5. Bg2 O-O 6. Nf3 d6 7. O-O Bxd2 8.
Qxd2 Qe7 9. Nc3 e5 10. Rfd1 Re8 11. dxe5 dxe5 12. Nd5 Nxd5 13. cxd5 Qd6 14.
Ng5 Bf5 15. Rac1 h6 16. Be4 Qg6 17. Bxf5 Qxf5 18. Nf3 e4 19. Nh4 Qe5 20.
Ng2 Nd7 21. Ne3 Nf6 22. Qc3 Qxc3 23. Rxc3 Re7 24. Rb3 Ra7 25. d6 Rd7 26.
dxc7 Rxc7 27. a4 Rd7 28. Rxd7 Nxd7 29. Rb5 b6 30. Nc4 Rc7 31. Nxb6 Rc1+ 32.
Kg2 Nxb6 33. Rxb6 Rc2 34. e3 g6 35. g4 Kg7 36. h4 g5 37. hxg5 hxg5 38. Rb5
Kf6 39. Rf5+ Kg6 40. Rxa5 Rxb2 41. Rb5 Ra2 42. Rb4 1-0

[Event "11th WUCC Men"]
[Site "Zuerich SUI"]
[Date "2010.09.05"]
[Round "1"]
[White "Koggala,W"]
[Black "Nestorovic,N"]
[Result "0-1"]
[WhiteElo "2026"]
[BlackElo "2420"]
[EventDate "2010.09.05"]

1. d4 Nf6 2. Bf4 e6 3. e3 c5 4. c3 Nc6 5. Nd2 Be7 6. Bd3 d5 7. h3 Qb6 8.
Qc2 Bd7 9. Ngf3 Rc8 10. a3 h6 11. O-O g5 12. Be5 Rg8 13. e4 cxd4 14. Bxd4
Nxd4 15. Nxd4 g4 16. hxg4 Rxg4 17. Be2 Qxd4 18. Qd1 Qe5 19. Bxg4 dxe4 20.
Be2 Bd6 21. f4 exf3 22. Nxf3 Qe3+ 23. Rf2 Bg3 0-1

[Event "11th WUCC Men"]
[Site "Zuerich SUI"]
[Date "2010.09.05"]
[Round "1"]
[White "Ahmadinia,E"]
[Black "Kumar,Ve"]
[Result "1/2-1/2"]
[WhiteElo "2436"]
[BlackElo "1983"]
[EventDate "2010.09.05"]

1. e4 e5 2. Nf3 Nc6 3. Bb5 a6 4. Ba4 f5 5. d4 exd4 6. exf5 Be7 7. O-O Nf6
8. Bxc6 dxc6 9. Nxd4 O-O 10. c3 Bc5 11. Be3 Bxd4 12. Bxd4 Bxf5 13. Qb3+ Qd5
14. Qxb7 Rab8 15. Qxc7 Rxb2 16. Qe5 Qxe5 17. Bxe5 Bd3 18. Rd1 Ng4 19. Rxd3
Rfxf2 20. Nd2 Nxe5 21. Rd8+ Rf8 22. Rxf8+ Kxf8 1/2-1/2